Countries with at least 10% Muslim Population - Statistics

General Stats
  • This quiz has been taken 398 times
    168 since last reset
  • The average score is 67 of 82
Answer Stats
1 Continents Countries % Correct
ir Asia Iran
92%
ne Africa Niger
92%
tr Asia/Europe Turkey
92%
dz Africa Algeria
91%
eg Africa Egypt
91%
id Asia/Oceania Indonesia
91%
iq Asia Iraq
91%
kz Asia Kazakhstan
91%
ma Africa Morocco
91%
ng Africa Nigeria
91%
om Asia Oman
91%
ru Asia/Europe Russia
91%
sa Asia Saudi Arabia
91%
so Africa Somalia
91%
sd Africa Sudan
91%
sy Asia Syria
91%
al Europe Albania
90%
in Asia India
90%
af Asia Afghanistan
89%
my Asia Malaysia
89%
pk Asia Pakistan
89%
ye Asia/Africa Yemen
89%
td Africa Chad
88%
mv Asia Maldives
88%
qa Asia Qatar
88%
tn Africa Tunisia
88%
ly Africa Libya
87%
uz Asia Uzbekistan
87%
jo Asia Jordan
86%
mr Africa Mauritania
86%
ae Asia United Arab Emirates
86%
az Asia Azerbaijan
85%
ps Asia Palestine
85%
tj Asia Tajikistan
85%
tm Asia Turkmenistan
85%
bh Asia Bahrain
84%
ba Asia Bosnia and Herzegovina
84%
cd Africa Democratic Republic of the Congo
84%
dj Africa Djibouti
84%
er Africa Eritrea
84%
et Africa Ethiopia
84%
kw Asia Kuwait
84%
lb Asia Lebanon
84%
ml Africa Mali
84%
tz Africa Tanzania
84%
bd Asia Bangladesh
83%
ke Africa Kenya
83%
kg Asia Kyrgyzstan
83%
ss Africa South Sudan
83%
sn Africa Senegal
82%
bn Asia Brunei
80%
gn Africa Guinea
80%
bf Africa Burkina Faso
79%
cm Africa Cameroon
79%
gm Africa Gambia
79%
xk Europe Kosovo
79%
km Africa Comoros
78%
Europe France
77%
gh Africa Ghana
77%
ci Africa Ivory Coast
77%
sl Africa Sierra Leone
77%
bj Africa Benin
76%
bg Europe Bulgaria
76%
Africa Guinea-Bissau
76%
tg Africa Togo
76%
ge Asia Georgia
75%
lr Africa Liberia
75%
cf Africa Central African Republic
72%
cy Asia Cyprus
72%
mu Africa Mauritius
72%
mz Africa Mozambique
72%
ug Africa Uganda
72%
gq Africa Equatorial Guinea
71%
mk Europe North Macedonia
71%
ga Africa Gabon
69%
bi Africa Burundi
67%
sg Asia Singapore
67%
mg Africa Madagascar
66%
mw Africa Malawi
65%
me Europe Montenegro
64%
sr South America Suriname
53%
sz Africa Eswatini
32%
No matching quizzes found
Score Distribution
Percent of People with Each Score
Percentile by Number Answered
Your Score History
You have not taken this quiz since the last reset